| 000 | 01027nas a2200289 i 4500 | ||
|---|---|---|---|
| 001 | 706 | ||
| 003 | ES-MaACL | ||
| 005 | 20250826065249.0 | ||
| 007 | t| | ||
| 008 | 950801d1943 sp | | 1 ||pa d | ||
| 245 | 0 | 0 |
_aC.N.S _b: boletín sindical de la Territorial de Madrid. |
| 246 | 1 | 3 | _aVida laboral (1958) |
| 246 | 1 | 3 | _aCNS |
| 260 |
_aMadrid : _b[Servicio de Prensa y Propaganda de la C.N.S. de Madrid], _c1943- |
||
| 300 |
_a19 v. ; _c31 cm. |
||
| 310 | _aMensual | ||
| 362 | 0 | _aN. 1 (en. 1943)- ; -[2. época], año 10, n. 109/10 (dic. 1957-en. 1958) | |
| 500 | _aNúmeros extraordinarios en 1965, jun. de 1975 y dic. de 1976. | ||
| 515 | _aEntre 1970-74 anomalías en la numeración. | ||
| 650 | 1 | 7 |
_aTrabajo _2embne _917590 |
| 650 | 0 | 4 |
_aSindicatos. _917116 |
| 710 | 1 |
_aEspaña. Confederación Nacional de Sindicatos. _93643 |
|
| 785 | 0 | 0 |
_aVida laboral _d1958- |
| 852 |
_aES-MaACL _jHem-569 |
||
| 866 | 0 | _o1944-59(1960)1961-63(1964-67)(1968f.n.1)1969-74(1975f.n.42y44)1976(1977). | |
| 999 |
_c706 _d706 |
||